|
|
|
|
| LEADER |
00000naa2a2200000 4500 |
| 001 |
192682 |
| 005 |
20260123133201.0 |
| 035 |
|
|
|a (RuTPU)RU\TPU\book\210106
|
| 090 |
|
|
|a 192682
|
| 100 |
|
|
|a 20110305d2010 k y0rusy50 ca
|
| 101 |
0 |
|
|a rus
|
| 102 |
|
|
|a RU
|
| 200 |
1 |
|
|a Изучение влияния условий произрастания сфагновых мхов на содержание в них радионуклидов
|f Н. С. Рогова
|g науч. рук. Н. К. Рыжакова
|
| 320 |
|
|
|a Библиогр.: 1 назв.
|
| 461 |
|
1 |
|0 (RuTPU)RU\TPU\book\205901
|y 978-5-98298-729-7
|t Проблемы геологии и освоения недр
|o труды XIV Международного симпозиума имени академика М. А. Усова студентов и молодых ученых, посвященного 65-летию Победы советского народа над фашистской Германией в Великой Отечественной войне 1941-1945 гг., 5-9 апреля 2010 г. г. Томск
|o в 2 т.
|f Томский политехнический университет (ТПУ), Институт геологии и нефтегазового дела (ИГНД) ; под ред. В. А. Домаренко
|d 2010
|
| 463 |
|
1 |
|0 (RuTPU)RU\TPU\book\205109
|y 978-5-98298-731-0
|t Т. 2
|v С. 415-417
|d 2010
|
| 610 |
1 |
|
|a мхи
|
| 610 |
1 |
|
|a сфагновые мхи
|
| 610 |
1 |
|
|a радионуклиды
|
| 610 |
1 |
|
|a влияние
|
| 610 |
1 |
|
|a влияющие факторы
|
| 610 |
1 |
|
|a дисперсия
|
| 610 |
1 |
|
|a активность
|
| 610 |
1 |
|
|a увлажнение
|
| 610 |
1 |
|
|a труды учёных ТПУ
|
| 700 |
|
1 |
|a Рогова
|b Н. С.
|c физик
|c доцент Томского политехнического университета, кандидат технических наук
|f 1986-
|g Наталья Сергеевна
|3 (RuTPU)RU\TPU\pers\30609
|9 14890
|
| 702 |
|
1 |
|a Рыжакова
|b Н. К.
|c физик
|c доцент Томского политехнического университета, кандидат физико-математических наук
|f 1947-
|g Надежда Кирилловна
|4 727
|
| 801 |
|
1 |
|a RU
|b 63413507
|c 20110305
|
| 801 |
|
2 |
|a RU
|b 63413507
|c 20151118
|g RCR
|
| 942 |
|
|
|c BK
|